000 00416nam a2200169Ia 4500
008 170705s9999 xx 000 0 und d
020 _a978043946806x
245 4 _aThe princess and the pizza /
245 _cby Mary Jane Auch and Herm Auch.
260 _aNew York :
260 _bScholastic,
260 _c2002
300 _aunpaged :
300 _bcolor illustration ;
300 _c28 cm.
500 _a540
999 _c337031
_d337031